000 00503nam a22002057a 4500
001 1848
005 20231004153425.0
020 _a9780545427678
040 _aFISKH
_beng
_cFISKH
_dFISKH
082 _a741.5
100 _aBlade, Adam
245 _aCephalox
_bThe cyber squid
_cAdam Blade
260 _aNew York :
_bScholastic,
_c2012
300 _a110, 12 unnumbered pages :
_c20 cm
490 _aDeep Dive
505 _aM
521 _a660
_bLexile
521 _aM
_bRaz-Plus
942 _2ddc
_cBK
_n0
999 _c1848
_d1848